00443nam a2200193 a 4500001001300000003000900013005001700022008003800039020001000077082001300087100001600100245001100116260001300127300000800140500003500148505003200183650001800215700001600233nice12345678IN_TiNIC20260116011854.0050524s1947 a grs 000 0 16g  ac10000a244bWHE aWherry, E M aZainab abc1947 a52p aincludes index and biblioraphy2 aHead of ahmadiyya movement. aBible Stories1 aWherry, E M